| 000 | 00638nam a22001457a 4500 | ||
|---|---|---|---|
| 082 | _a004 | ||
| 100 | _aMahmud, Ali Rashid | ||
| 245 |
_aFramework for Effectively Establishing, Implementation and Operating Security Operations Center, in Closed it Organizations in order to Provide Proactive Monitoring, Threat Awareness and Reactive Capability to the organization / _cAli Rashid Mahmud |
||
| 260 |
_aIslamabad : _bMCS - NUST, _c2017. |
||
| 300 |
_a101 p. ; _c30cm. |
||
| 650 |
_aInformation Security-MS-Thesis _916348 |
||
| 700 |
_aDr. Imran Rashid _935026 |
||
| 942 |
_2ddc _cTHE |
||
| 999 |
_c541050 _d541050 |
||